| 000 | 01028cad a22002295a 4500 | ||
|---|---|---|---|
| 001 | E149568 | ||
| 008 | 100322s2010 xxub f s 000 0 eng d | ||
| 035 | _a(Sirsi) u149568 | ||
| 041 | 0 | _aeng | |
| 050 | 0 | 4 | _a333.33 $2 18 |
| 110 | 2 |
_aPramerica Real Estate Investors _95594 |
|
| 245 | 0 | 0 |
_aUS quarterly market perspective _bJanuary 2010 _h[electronic resource] |
| 260 |
_aParsipanny, NJ _bPramerica Real Estate Investors _c2010 |
||
| 490 | 0 |
_aPREI US Quarterly Market Perspective _vJanuary 2010 |
|
| 520 | _aReports that the outlook is more optimistic, despite transaction levels remaining low. Suggests that rents will not increase until vacancy rates have peaked, which may be in 2011 for some sectors. | ||
| 521 | _aAdvanced | ||
| 590 | _aKA | ||
| 651 | 4 |
_aUnited States _y1959- |
|
| 690 | _aPROPERTY-COMMERCIAL PROPERTY-COMMERCIAL PROPERTY MARKET | ||
| 856 | 4 | 0 |
_uhttps://www.pramericarei.com/pramerica/pdf/realestate/Pra_USQ_Jan_10.pdf _zView the item free of charge (PDF file) at www.pramericarei.com... |
| 942 | _n0 | ||
| 999 |
_c110541 _d110541 |
||